Carregant...

History, philosophy, culture: revisiting professor G C Pande's thoughts and works/

Dades bibliogràfiques
Altres autors: Sibesh Bhattacharya ed
Format: Printed Book
Publicat: New Delhi: Aryan Books International, 2010.
Matèries:
LEADER 00611nam a22001577a 4500
020 |a 9788173053979 
082 |a 954  |b SIB/H 
245 |a History, philosophy, culture:  |b revisiting professor G C Pande's thoughts and works/  |c edited by Sibesh Bhattacharya. 
260 |a New Delhi:  |b Aryan Books International,  |c 2010. 
300 |a 282p. 
650 |a History  |z India  |9 33401 
650 |a History  |9 33402 
700 |a Sibesh Bhattacharya ed.  |9 33403 
942 |c BK 
999 |c 70099  |d 70099 
952 |0 0  |1 0  |4 0  |6 954_000000000000000_SIB_H  |7 0  |9 90595  |a SSUS  |b SSUS  |c STACKS  |d 2018-02-08  |g 750.00  |o 954 SIB/H  |p 087425  |r 2018-02-08  |w 2018-02-08  |y BK